| 000 -CABECERA |
| Longitud fija campo de control |
00682nam a2200217 a 4500 |
| 001 - NÚMERO DE CONTROL |
| Número de control |
2919 |
| 003 - IDENTIFICADOR DEL NÚMERO DE CONTROL |
| Identificador del número de control |
CDMR |
| 005 - FECHA Y HORA DE LA ÚLTIMA TRANSACCIÓN |
| Fecha y hora de la última transacción |
20131217155642.0 |
| 008 - CÓDIGOS DE INFORMACIÓN DE LONGITUD FIJA |
| Códigos de información de longitud fija |
130130s2002||||esp1 gr|||| 001|0dspa d |
| 020 ## - NÚMERO INTERNACIONAL NORMALIZADO PARA LIBROS |
| Número Internacional Normalizado para Libros (ISBN) |
8497340388 |
| 024 ## - OTROS IDENTIFICADORES NORMALIZADOS |
| Fuente del número o código |
DL |
| Número normalizado o código |
M119322002 |
| 040 ## - FUENTE DE LA CATALOGACIÓN |
| Centro catalogador de origen |
CDMR |
| Lengua de catalogación |
cat |
| Centro transcriptor |
CDMR |
| 100 1# - PUNTO DE ACCESO PRINCIPAL-NOMBRE DE PERSONA |
| Nombre de persona |
Fuentes, Julio |
| 9 (RLIN) |
2144 |
| 245 10 - MENCIÓN DE TÍTULO |
| Título |
Morir para contarlo |
| Resto del título |
: las mejores crónicas del reportero de El Mundo asesinado en Afganistán |
| Mención de responsabilidad, etc. |
Julio Fuentes |
| 260 ## - PUBLICACIÓN, DISTRIBUCIÓN, ETC. (PIE DE IMPRENTA) |
| Lugar de publicación, distribución, etc. |
Madrid |
| Fecha de publicación, distribución, etc. |
2002 |
| Nombre del editor, distribuidor, etc. |
La esfera de los libros |
| 300 ## - DESCRIPCIÓN FÍSICA |
| Extensión |
462p ; |
| Dimensiones |
24 cm |
| 600 1# - PUNTO DE ACCESO ADICIONAL DE MATERIA - NOMBRE DE PERSONA |
| 9 (RLIN) |
2144 |
| Nombre de persona |
Fuentes, Julio |
| Subdivisión de forma (R ) |
Recull d'escrits |
| 650 04 - PUNTO DE ACCESO ADICIONAL DE MATERIA - TÉRMINO DE MATERIA |
| 9 (RLIN) |
2560 |
| Término de materia o nombre geográfico como elemento inicial |
Corresponsals de guerra |
| 650 04 - PUNTO DE ACCESO ADICIONAL DE MATERIA - TÉRMINO DE MATERIA |
| 9 (RLIN) |
3583 |
| Término de materia o nombre geográfico como elemento inicial |
Guerra d'Afganistan, 2001- |
| 942 ## - ENTRADA DE ELEMENTOS AGREGADOS (KOHA) |
| Koha [por defecto] tipo de item |
Monografies |
| Fuente de clasificaión o esquema |
|